|
|
|
|
| LEADER |
01716cas a2200241 a 4500 |
| 001 |
AALejournalIMF010992 |
| 008 |
230101c9999 xx r poo 0 0eng d |
| 020 |
|
|
|z 9781589068834
|
| 022 |
|
|
|a 0250-7501
|
| 040 |
|
|
|a BD-DhAAL
|c BD-DhAAL
|
| 110 |
2 |
|
|a International Monetary Fund.
|
| 240 |
1 |
0 |
|a Fonds monetaire international: Rapport annuel 2009.
|l French
|
| 245 |
1 |
0 |
|a Fonds monetaire international :
|b Rapport annuel 2009.
|
| 264 |
|
1 |
|a Washington, D.C. :
|b International Monetary Fund,
|c 2009.
|
| 300 |
|
|
|a 1 online resource (84 pages)
|
| 490 |
1 |
|
|a Annual Report of the Executive Board
|
| 500 |
|
|
|a <strong>Off-Campus Access:</strong> No User ID or Password Required
|
| 500 |
|
|
|a <strong>On-Campus Access:</strong> No User ID or Password Required
|
| 506 |
|
|
|a Electronic access restricted to authorized BRAC University faculty, staff and students
|
| 520 |
3 |
|
|a Le rapport annuel 2009 du FMI relate les mesures prises par le conseil d'administration et les services du FMI a la suite de la crise financiere mondiale et d'autres evenements au cours de l'exercice 2009, qui couvre la periode du 1er mai 2008 au 30 avril 2009. La version papier du rapport est disponible en huit langues (allemand, arabe, anglais, chinois, espagnol, francais, japonais et russe), ainsi qu'un CD-ROM (disponible uniquement en anglais) contenant le texte du rapport et des documents connexes, dont les etats financiers du FMI pour l'exercice 2009.
|
| 538 |
|
|
|a Mode of access: Internet
|
| 830 |
|
0 |
|a Annual Report of the Executive Board; Annual Report of the Executive Board ;
|v No. 2009/001
|
| 856 |
4 |
0 |
|z Full text available on IMF
|u http://elibrary.imf.org/view/books/011/10247-9781589068834-fr/10247-9781589068834-fr-book.xml
|z IMF e-Library
|